Human rights in the Slovak Republic. : Slovakia - a European crossroads. /
Uložené v:
| Hlavní autori: | , |
|---|---|
| Médium: | Kniha |
| Jazyk: | English Slovak |
| Vydané: |
Bratislava :
Slovenská informačná agentúra,
1996
|
| Vydanie: | 1. vyd. |
| Témy: | |
| ISBN: |
8080480656 (brož.) |
| Fyzický popis: |
20 s. |
| Tagy: |
Pridať tag
Žiadne tagy, Buďte prvý kto otaguje tento záznam!
|
Titul je dostupný aj v ... 

MARC
| LEADER | 00000nam a2200000 a 4500 | ||
|---|---|---|---|
| 001 | 000045821 | ||
| 003 | SVKK | ||
| 005 | 19990621000000.0 | ||
| 008 | 960906s1996 xo e engo | ||
| 020 | |a 8080480656 (brož.) | ||
| 040 | |a SVKKK |b slo |c SVKKK |e AACR2 | ||
| 041 | 1 | |a eng |h slo | |
| 044 | |a xo |c SK | ||
| 080 | |a 341.231.14(437.6) |2 1997 | ||
| 080 | |a 342.72/.73(437.6) |2 1997 | ||
| 100 | 1 | |a Srebala, Ondrej |4 aut | |
| 245 | 1 | 0 | |a Human rights in the Slovak Republic. : |b Slovakia - a European crossroads. / |c Ondrej Srebala, Mária Srebalová |
| 250 | |a 1. vyd. | ||
| 260 | |a Bratislava : |b Slovenská informačná agentúra, |c 1996 | ||
| 300 | |a 20 s. | ||
| 653 | 0 | |a práva ľudské |2 SVKKKPH | |
| 653 | 0 | |a Slovensko |2 SVKKKPH | |
| 653 | 0 | |a publikácie informačné |2 SVKKKPH | |
| 655 | 7 | |a sprievodcovia |2 SVKKKPH | |
| 700 | 1 | |a Srebalová, Mária |4 aut | |
| 910 | |a svkkk | ||
| 919 | |a 80-8048-065-6 | ||
| 974 | |a MI |d 19961009 | ||
| 974 | |a KL |d 19960924 | ||
| 974 | |a MI |d 19990621 | ||
| 998 | |a BK | ||
| 090 | |g SCKHL |k Sklad Hlavná 10 prízemie |a I.67242 |j 899368 |i 2720222506 |s Absenčne | ||